Regions and City Administrations of Ethiopia - Statistics

General Stats
  • This quiz has been taken 1,240 times
  • The average score is 7 of 11
Answers on the Map
Answers color-coded by a green-red scale on the quiz's map according to % correct below.
 
Answer Stats
% Correct
Addis Ababa
96%
Somali
88%
Tigray
78%
Amhara
74%
Oromia
73%
Afar
67%
Southern Nations, Nationalities, and Peoples'
56%
Dire Dawa
54%
Harari
44%
Gambela
42%
Benishangul-Gumuz
35%
No matching quizzes found
Score Distribution
Percent of People with Each Score
Percentile by Number Answered
Your Score History
You have not taken this quiz